| 000 | 00714cam a2200241 i 4500 | ||
|---|---|---|---|
| 001 | 111598 | ||
| 005 | 20230410115425.0 | ||
| 008 | 130731b1973 mx a 000 0 spa | ||
| 041 | _aspa | ||
| 050 | 1 | 4 |
_aHD 5715 _bS583c 1973 |
| 082 | 0 | 0 | _a658.3124 |
| 100 | 1 | _aSiliceo Aguilar, Alfonso. | |
| 245 | 1 | 0 |
_aCapacitación y desarrollo de personal / _cAlfonso Siliceo A. |
| 260 |
_aMéxico, D.F. : _bLimusa, _c1973. |
||
| 300 |
_a127 p. : _bill. ; _c23 cm. |
||
| 504 | _aIncluye bibliografía. | ||
| 650 | 4 | _aCapacitación de empleados. | |
| 650 | 4 | _aAdministración de personal. | |
| 650 | 0 | _aPersonnel management. | |
| 650 | 0 | _aOccupational training. | |
| 650 | 0 |
_aEmployees _xTraining of. |
|
| 942 |
_2lcc _cbk |
||
| 999 |
_c40866 _d40866 |
||